[Event "60th ch-GRE"]
[Site "Vrahati GRE"]
[Date "2010.11.26"]
[Round "1"]
[White "Nikolaidis, Ioannis"]
[Black "Kanakaris, Georgios"]
[Result "0-1"]
[WhiteTitle "GM"]
[WhiteElo "2552"]
[BlackElo "2285"]
[WhiteFideId "4202139"]
[BlackFideId "4209460"]
[EventDate "2010.11.26"]

1. d4 d5 2. c4 c6 3. Nf3 Nf6 4. e3 Bg4 5. h3 Bh5 6. Nc3 e6 7. g4 Bg6 8. Ne5 Nbd7
9. Nxg6 hxg6 10. Bg2 Bb4 11. Qb3 Qe7 12. O-O O-O-O 13. g5 Ne4 14. f4 Ng3 15. Rf2
f6 16. Bd2 Bxc3 17. Bxc3 Ne4 18. Bb4 Qf7 19. cxd5 Nxf2 20. dxe6 Qe8 21. exd7+
Qxd7 22. Kxf2 fxg5 23. d5 gxf4 24. dxc6 Qf5 25. exf4 Rd3 26. Qc4 b5 27. Qc5 Rd2+
28. Kf1 Qd3+ 29. Kg1 Rxg2+ 30. Kxg2 Qxh3+ 31. Kf2 Qh2+ 32. Ke1 Qg3+ 33. Kd1 Qd3+
34. Ke1 Rh1+ 35. Kf2 Rh2+ 36. Kg1 Qg3+ 37. Kf1 Qg2+ 0-1

[Event "60th ch-GRE"]
[Site "Vrahati GRE"]
[Date "2010.11.26"]
[Round "1"]
[White "Kotronias, Vasilios"]
[Black "Mastrovasilis, Athanasios"]
[Result "1-0"]
[WhiteTitle "GM"]
[BlackTitle "GM"]
[WhiteElo "2591"]
[BlackElo "2556"]
[WhiteFideId "5900212"]
[BlackFideId "4201990"]
[EventDate "2010.11.26"]

1. e4 e5 2. Nf3 Nc6 3. d4 exd4 4. Nxd4 Bb4+ 5. c3 Bc5 6. Nxc6 bxc6 7. Bd3 Ne7 8.
O-O d6 9. Nd2 O-O 10. b4 Bb6 11. a4 a5 12. Nc4 Be6 13. Nxb6 cxb6 14. Qc2 Qc7 15.
Rd1 Rad8 16. Rb1 h6 17. Bf4 Ng6 18. Be3 axb4 19. cxb4 Ne5 20. Be2 c5 21. h3 f5
22. f4 Nc6 23. bxc5 bxc5 24. exf5 Bxf5 25. Qb3+ Kh8 26. Qb7 Rf7 27. Qxc7 Rxc7
28. Rb6 Re8 29. Kf2 Nd4 30. Bh5 g6 31. Bg4 Re6 32. a5 Rce7 33. Bxd4+ cxd4 34.
Rxd4 Bxg4 35. hxg4 Re2+ 36. Kg3 Ra2 37. Rdxd6 Re3+ 38. Kh2 Ree2 39. Rd8+ Kg7 40.
Rd7+ Kf8 41. Rb8+ Re8 42. Rxe8+ Kxe8 43. Ra7 Ra4 44. a6 1-0

[Event "60th ch-GRE"]
[Site "Vrahati GRE"]
[Date "2010.11.26"]
[Round "1"]
[White "Mastrovasilis, Dimitrios"]
[Black "Nikolaidis, Konstantinos"]
[Result "1-0"]
[WhiteTitle "GM"]
[BlackTitle "FM"]
[WhiteElo "2580"]
[BlackElo "2308"]
[WhiteFideId "4202694"]
[BlackFideId "4200578"]
[EventDate "2010.11.26"]

1. e4 c6 2. Nc3 d5 3. Nf3 Bg4 4. h3 Bxf3 5. Qxf3 Nf6 6. d3 e6 7. Bd2 Nbd7 8. g4
b5 9. g5 b4 10. Ne2 Ng8 11. h4 Bd6 12. d4 a5 13. Ng3 Qb6 14. Be3 Ne7 15. Bd3 Rc8
16. Nh5 Kf8 17. e5 Bb8 18. Nf4 Kg8 19. h5 c5 20. g6 cxd4 21. Bxd4 Nxe5 22. Bxe5
hxg6 23. Bxb8 Qxb8 24. O-O-O g5 25. Nh3 f6 26. Rhe1 Rc6 27. Qg4 e5 28. Qd7 Kf8
29. f4 Rc7 30. Qe6 gxf4 31. Bg6 Nxg6 32. hxg6 Qe8 33. Nxf4 Rh2 34. Qd6+ Qe7 35.
Ne6+ Kg8 36. Qxc7 1-0

[Event "60th ch-GRE"]
[Site "Vrahati GRE"]
[Date "2010.11.26"]
[Round "1"]
[White "Koukoufikis, Alexandros"]
[Black "Spiliadis, Athanasios"]
[Result "1-0"]
[WhiteElo "2278"]
[BlackElo "1888"]
[WhiteFideId "4205499"]
[BlackFideId "4238680"]
[EventDate "2010.11.26"]

1. g3 Nf6 2. Bg2 d5 3. d3 e5 4. c3 c6 5. Nf3 Bd6 6. O-O O-O 7. Nbd2 Nbd7 8. Nh4
Nc5 9. b4 Ne6 10. Bb2 a5 11. a3 Ng5 12. e4 Bh3 13. Bxh3 Nxh3+ 14. Kg2 Ng5 15. f4
exf4 16. gxf4 dxe4 17. fxg5 Nd5 18. Kh1 Ne3 19. Qe2 Nxf1 20. Nxe4 Nxh2 21. c4
Re8 22. Rg1 Rxe4 23. Qxe4 axb4 24. Nf5 bxa3 25. Bxg7 Ra5 26. Bf6 Qb8 27. Nh6+ 1-0

[Event "60th ch-GRE"]
[Site "Vrahati GRE"]
[Date "2010.11.27"]
[Round "2"]
[White "Nikolaidis, Konstantinos"]
[Black "Koukoufikis, Alexandros"]
[Result "1-0"]
[WhiteTitle "FM"]
[WhiteElo "2308"]
[BlackElo "2278"]
[WhiteFideId "4200578"]
[BlackFideId "4205499"]
[EventDate "2010.11.26"]

1. d4 g6 2. c4 Bg7 3. Nf3 d6 4. g3 Nf6 5. Nc3 O-O 6. Bg2 Nh5 7. e4 Nc6 8. h3 e5
9. Be3 Ne7 10. dxe5 dxe5 11. Bc5 Bd7 12. Qd2 b6 13. O-O-O bxc5 14. Qxd7 Qxd7 15.
Rxd7 Nc6 16. Rxc7 Rac8 17. Nd5 Rxc7 18. Nxc7 Rd8 19. Nd5 Nf6 20. Ne1 Nxd5 21.
cxd5 Nd4 22. b3 1-0

[Event "60th ch-GRE"]
[Site "Vrahati GRE"]
[Date "2010.11.27"]
[Round "2"]
[White "Mastrovasilis, Athanasios"]
[Black "Mastrovasilis, Dimitrios"]
[Result "1/2-1/2"]
[WhiteTitle "GM"]
[BlackTitle "GM"]
[WhiteElo "2556"]
[BlackElo "2580"]
[WhiteFideId "4201990"]
[BlackFideId "4202694"]
[EventDate "2010.11.26"]

1. e4 e5 2. Nf3 Nf6 3. d4 Nxe4 4. Bd3 d5 5. Nxe5 Nd7 6. Nxd7 Bxd7 7. O-O Bd6 8.
c4 c6 9. cxd5 cxd5 10. Nc3 Nxc3 11. bxc3 O-O 12. Qh5 g6 13. Qxd5 Qc7 14. Qf3
Qxc3 15. Bh6 Rfe8 16. Qf6 Bf8 17. Bxf8 Rxf8 18. Be4 Bc6 19. Rac1 Qb4 20. Bxc6
bxc6 21. Rxc6 Rad8 22. Ra6 Qxd4 23. Qxd4 Rxd4 24. Rxa7 Rc8 25. g3 Rc2 26. Kg2
Rdd2 27. a4 Ra2 28. h4 h5 29. a5 Kg7 30. Ra8 Rd5 31. a6 Rd6 32. a7 Rd7 33. Re1
Rdxa7 34. Rxa7 Rxa7 1/2-1/2

[Event "60th ch-GRE"]
[Site "Vrahati GRE"]
[Date "2010.11.27"]
[Round "2"]
[White "Kanakaris, Georgios"]
[Black "Kotronias, Vasilios"]
[Result "0-1"]
[BlackTitle "GM"]
[WhiteElo "2285"]
[BlackElo "2591"]
[WhiteFideId "4209460"]
[BlackFideId "5900212"]
[EventDate "2010.11.26"]

1. d4 Nf6 2. c4 c5 3. d5 b5 4. cxb5 a6 5. f3 e6 6. e4 exd5 7. e5 Qe7 8. Qe2 Ng8
9. Nc3 Bb7 10. Nh3 c4 11. Be3 axb5 12. Nf4 Qxe5 13. Nxb5 Na6 14. Bd4 Qxe2+ 15.
Bxe2 Bc6 16. Nc3 Ne7 17. O-O-O f6 18. Bf2 Nc7 19. Rhe1 g5 20. Bb6 gxf4 21. Bxc7
Kf7 22. Bxf4 Ng6 23. Be3 Bb4 24. Bd4 Nf4 25. g3 Ne6 26. f4 Nxd4 27. Bh5+ Kg7 28.
Rxd4 Bxc3 29. bxc3 Rxa2 30. Re7+ Kh6 31. Be8 Rxh2 32. f5 Rg8 33. Rh4+ Rxh4 34.
gxh4 Rg3 35. Kd2 Rd3+ 36. Ke2 Rxc3 37. Bxd7 Bxd7 38. Rxd7 Rh3 39. Rxd5 Rxh4 40.
Kf3 Kg5 41. Rc5 h5 42. Kg3 Rd4 43. Kg2 Kg4 44. Kf2 Re4 0-1

[Event "60th ch-GRE"]
[Site "Vrahati GRE"]
[Date "2010.11.27"]
[Round "2"]
[White "Kapnisis, Spyridon"]
[Black "Nikolaidis, Ioannis"]
[Result "1/2-1/2"]
[WhiteTitle "IM"]
[BlackTitle "GM"]
[WhiteElo "2511"]
[BlackElo "2552"]
[WhiteFideId "4203445"]
[BlackFideId "4202139"]
[EventDate "2010.11.26"]

1. e4 c6 2. d4 d5 3. f3 e6 4. Nc3 Bb4 5. a3 Ba5 6. Ne2 Ne7 7. Be3 O-O 8. Qd2 Nd7
9. Ng3 dxe4 10. fxe4 e5 11. Bc4 exd4 12. Bxd4 Ng6 13. Ba2 Nde5 14. O-O-O Bg4 15.
Rdf1 Qd7 16. Qe3 Rfd8 17. Bxe5 Nxe5 18. Nf5 Bxf5 19. exf5 Ng4 20. Qf4 Qd4 21.
Ne4 Ne3 22. c3 Qd3 23. Bb1 Nxg2 24. Bxd3 Nxf4 25. Bc4 Nd5 26. Rf3 Re8 27. Nd6
Re7 28. f6 Nxf6 29. Nf5 Rd7 30. Nxg7 Kxg7 31. Rg1+ Kh8 32. Rxf6 Bc7 33. h4 Rg8
34. Rd1 Re7 35. Rxf7 1/2-1/2

[Event "60th ch-GRE"]
[Site "Vrahati GRE"]
[Date "2010.11.28"]
[Round "3"]
[White "Kotronias, Vasilios"]
[Black "Kapnisis, Spyridon"]
[Result "0-1"]
[WhiteTitle "GM"]
[BlackTitle "IM"]
[WhiteElo "2591"]
[BlackElo "2511"]
[WhiteFideId "5900212"]
[BlackFideId "4203445"]
[EventDate "2010.11.26"]

1. e4 e5 2. Nf3 Nc6 3. d4 exd4 4. Nxd4 Nf6 5. Nxc6 bxc6 6. e5 Qe7 7. Qe2 Nd5 8.
c4 Nb6 9. Nc3 Qe6 10. Qe4 Ba6 11. b3 O-O-O 12. Bb2 Re8 13. f4 f6 14. O-O-O fxe5
15. f5 Qf7 16. a4 Kb8 17. g4 Bb4 18. Na2 Bc5 19. a5 Nc8 20. Bg2 h5 21. h3 hxg4
22. hxg4 Rxh1 23. Bxh1 Nd6 24. Qe1 g6 25. Nb4 Bxb4 26. Qxb4+ Ka8 27. Qc5 gxf5
28. Bxe5 Nb7 29. Qd4 fxg4 30. Bxc7 d5 31. Bg3 Nxa5 32. Qc3 Qe7 33. Qxa5 Qe3+ 34.
Kb2 Qxg3 35. Rxd5 cxd5 36. Qxd5+ Kb8 37. Qa8+ Kc7 38. Qxa7+ Kd8 39. Qd4+ Kc8 40.
Qd5 0-1

[Event "60th ch-GRE"]
[Site "Vrahati GRE"]
[Date "2010.11.28"]
[Round "3"]
[White "Koukoufikis, Alexandros"]
[Black "Mastrovasilis, Athanasios"]
[Result "0-1"]
[BlackTitle "GM"]
[WhiteElo "2278"]
[BlackElo "2556"]
[WhiteFideId "4205499"]
[BlackFideId "4201990"]
[EventDate "2010.11.26"]

1. e4 e5 2. Nf3 Nc6 3. Bc4 Nf6 4. d3 h6 5. Nc3 d6 6. a3 Be7 7. h3 Nd7 8. Nd5 Nb6
9. Ba2 Nxd5 10. exd5 Nd4 11. Nxd4 exd4 12. Qf3 O-O 13. Bd2 Bg5 14. O-O-O Re8 15.
Qg3 Bxd2+ 16. Kxd2 Qf6 17. Rde1 Bd7 18. Re4 Bf5 19. Rxe8+ Rxe8 20. Re1 Rxe1 21.
Kxe1 h5 22. h4 Qh6 23. Kd1 Kh7 24. Bb3 b5 25. a4 a6 26. axb5 axb5 27. c3 Bg4+
28. Kc2 Qf6 29. f3 Bf5 30. Qf2 dxc3 31. bxc3 Qg6 32. Qe2 Qg3 33. Kb2 Qxh4 34. d4
Qg5 35. Bc2 Bxc2 36. Qxc2+ g6 37. Qe2 Qxd5 38. g4 h4 39. f4 b4 40. Qe7 bxc3+ 41.
Kxc3 Qf3+ 42. Kc4 Qxf4 43. Qxh4+ Kg7 44. Kd5 Qf3+ 45. Kc4 Qe4 46. Qg3 c5 47.
Qxd6 Qxd4+ 48. Qxd4+ cxd4 49. g5 f6 50. gxf6+ Kxf6 51. Kxd4 Kf5 52. Ke3 Kg4 53.
Kf2 Kh3 0-1

[Event "60th ch-GRE"]
[Site "Vrahati GRE"]
[Date "2010.11.28"]
[Round "3"]
[White "Spiliadis, Athanasios"]
[Black "Nikolaidis, Konstantinos"]
[Result "1/2-1/2"]
[BlackTitle "FM"]
[WhiteElo "1888"]
[BlackElo "2308"]
[WhiteFideId "4238680"]
[BlackFideId "4200578"]
[EventDate "2010.11.26"]

1. e4 c6 2. d4 d5 3. exd5 cxd5 4. c4 Nf6 5. Nc3 Nc6 6. Bg5 dxc4 7. d5 Ne5 8. Qd4
h6 9. Qxe5 hxg5 10. Bxc4 Bd7 11. Nf3 g4 12. Nd4 Rh5 13. Qe2 a6 14. O-O Qb6 15.
Rfd1 Rc8 16. Bb3 Qd6 17. g3 g6 18. Re1 Bh6 19. Rad1 Kf8 20. Nc6 Re8 21. Ne5 b5
22. Nxd7+ Qxd7 23. Qd3 Qd6 24. Ne4 Nxe4 25. Rxe4 Bg7 26. Qe2 Re5 27. Rc1 Rxe4
28. Qxe4 Bxb2 29. Rc6 Qe5 30. Qxe5 Bxe5 31. Rxa6 Bd6 32. Rc6 Kg7 33. Bd1 Ra8 34.
Rc2 Ra4 35. Rd2 Re4 36. Kg2 f5 37. h3 gxh3+ 38. Kxh3 Re1 39. Kg2 Kf6 40. Bb3 b4
41. Kf3 Ke5 42. Re2+ Rxe2 43. Kxe2 g5 44. f3 Kd4 45. g4 Ke5 46. gxf5 Kxf5 47.
Kf2 Kf4 48. Bc4 Bc5+ 49. Kg2 Bd6 50. Kf2 Ke5 51. Bb3 Kf4 52. Bc4 Bc5+ 53. Kg2 g4
54. fxg4 Kxg4 1/2-1/2

[Event "60th ch-GRE"]
[Site "Vrahati GRE"]
[Date "2010.11.29"]
[Round "4"]
[White "Banikas, Hristos"]
[Black "Nikolaidis, Konstantinos"]
[Result "1-0"]
[WhiteTitle "GM"]
[BlackTitle "FM"]
[WhiteElo "2590"]
[BlackElo "2308"]
[WhiteFideId "4202031"]
[BlackFideId "4200578"]
[EventDate "2010.11.26"]

1. Nf3 Nf6 2. c4 e6 3. Nc3 Bb4 4. g3 O-O 5. Bg2 d5 6. a3 Bd6 7. d4 c6 8. O-O
Nbd7 9. Nd2 h6 10. Re1 Bc7 11. f4 Qe7 12. b3 Rd8 13. Bb2 Nf8 14. e3 b6 15. e4
dxc4 16. bxc4 Bb7 17. e5 Ne8 18. Nb3 Rac8 19. Qe2 Bb8 20. a4 Rd7 21. a5 Ng6 22.
c5 bxc5 23. Ba3 Rdd8 24. Ne4 Ba8 25. a6 Qc7 26. dxc5 Nxe5 27. fxe5 Qxe5 28. Bb2
Qf5 29. Na5 Rd5 30. Nc4 Qg6 31. Ned6 Nxd6 32. cxd6 Bxd6 33. Nxd6 Rxd6 34. Qe5
Rd2 35. Be4 f5 36. Bf3 Rcd8 37. Bc3 R2d3 38. Rad1 Kh7 39. Rxd3 Rxd3 40. Re3 Rd8
41. Bh5 Qg5 42. h4 1-0

[Event "60th ch-GRE"]
[Site "Vrahati GRE"]
[Date "2010.11.29"]
[Round "4"]
[White "Kanakaris, Georgios"]
[Black "Koukoufikis, Alexandros"]
[Result "1/2-1/2"]
[WhiteElo "2285"]
[BlackElo "2278"]
[WhiteFideId "4209460"]
[BlackFideId "4205499"]
[EventDate "2010.11.26"]

1. d4 Nf6 2. c4 e6 3. Nf3 b6 4. g3 Bb7 5. Bg2 c5 6. O-O Be7 7. Nc3 d6 8. d5 exd5
9. cxd5 b5 10. Nxb5 Bxd5 11. Bg5 Nbd7 12. e4 Bc4 13. Nxd6+ Bxd6 14. Qxd6 Bxf1
15. e5 Ne4 16. Bxd8 Nxd6 17. Rxf1 Rxd8 18. exd6 O-O 19. Bh3 f5 20. Rd1 g6 21.
Bf1 Rf6 22. Bc4+ Kh8 23. Bb3 h6 24. h4 Kh7 25. a4 a5 26. Ba2 Rb8 27. Re1 Rxd6
28. Re7+ Kh8 29. h5 g5 30. Be6 Nf8 31. Bxf5 Rxb2 32. Ne5 Rf6 33. g4 Rb4 34. Re8
Kg7 35. Re7+ Kg8 36. Re8 Kg7 37. Re7+ Kg8 38. Re8 Kg7 1/2-1/2

[Event "60th ch-GRE"]
[Site "Vrahati GRE"]
[Date "2010.11.30"]
[Round "5"]
[White "Kotronias, Vasilios"]
[Black "Banikas, Hristos"]
[Result "1/2-1/2"]
[WhiteTitle "GM"]
[BlackTitle "GM"]
[WhiteElo "2591"]
[BlackElo "2590"]
[WhiteFideId "5900212"]
[BlackFideId "4202031"]
[EventDate "2010.11.26"]

1. e4 c5 2. Nf3 d6 3. d4 cxd4 4. Nxd4 Nf6 5. Nc3 a6 6. Bg5 Nbd7 7. f4 Qc7 8. Qf3
h6 9. Bxf6 Nxf6 10. Qg3 e5 11. fxe5 dxe5 12. O-O-O Be6 13. Nxe6 fxe6 14. Qh3 Kf7
15. Be2 Bb4 16. Rd3 Rad8 17. Rg3 h5 18. Rf1 h4 19. Rg5 Bxc3 20. bxc3 Rh6 21. Qg4
Kf8 22. Qxe6 Qxc3 23. Kb1 Rd2 24. Qc4 Rxc2 25. Qxc3 Rxc3 26. Rxe5 Re3 27. Bc4 b5
28. Bb3 Rg6 29. Rf2 Rg4 30. Rc2 g6 31. Rc7 Rxg2 32. Rf7+ Kg8 33. Rxf6+ Kg7 34.
Rf1 h3 35. Re7+ Kh6 36. Re8 Rxh2 37. Rh8+ Kg5 38. Be6 a5 39. e5 a4 40. a3 Rxe5
41. Rxh3 Rxh3 42. Bxh3 Re3 43. Bd7 Rxa3 44. Rc1 b4 45. Rc5+ Kf4 46. Ra5 Rb3+ 47.
Ka2 Ra3+ 48. Kb2 Rb3+ 49. Kc2 Rc3+ 50. Kd2 a3 51. Be6 Rg3 52. Bd5 Ke5 53. Bg8+
Kd4 54. Rd5+ Ke4 55. Ra5 Rg2+ 56. Kc1 Kd3 57. Rd5+ Kc3 58. Rc5+ Kd3 59. Rd5+ Kc3 1/2-1/2

[Event "60th ch-GRE"]
[Site "Vrahati GRE"]
[Date "2010.11.30"]
[Round "5"]
[White "Mastrovasilis, Dimitrios"]
[Black "Nikolaidis, Ioannis"]
[Result "1/2-1/2"]
[WhiteTitle "GM"]
[BlackTitle "GM"]
[WhiteElo "2580"]
[BlackElo "2552"]
[WhiteFideId "4202694"]
[BlackFideId "4202139"]
[EventDate "2010.11.26"]

1. e4 e5 2. Nf3 Nc6 3. Bb5 a6 4. Ba4 Nf6 5. O-O Be7 6. Re1 b5 7. Bb3 O-O 8. c3
d5 9. d4 dxe4 10. Nxe5 Nxe5 11. dxe5 Qxd1 12. Bxd1 Nd7 13. Bc2 Nxe5 14. Bxe4 Rb8
15. Bf4 Bd6 16. Bxe5 Bxe5 17. Bxh7+ Kxh7 18. Rxe5 Rd8 19. Kf1 f6 20. Re3 Rd1+
21. Re1 Rxe1+ 22. Kxe1 Bf5 23. Na3 Re8+ 24. Kd2 Rd8+ 25. Ke2 Re8+ 26. Kd2 Rd8+
27. Ke3 Re8+ 28. Kf3 Be4+ 29. Kg3 Bg6 30. Kf3 Be4+ 31. Kg3 Bg6 1/2-1/2

[Event "60th ch-GRE"]
[Site "Vrahati GRE"]
[Date "2010.11.30"]
[Round "5"]
[White "Koukoufikis, Alexandros"]
[Black "Kapnisis, Spyridon"]
[Result "0-1"]
[BlackTitle "IM"]
[WhiteElo "2278"]
[BlackElo "2511"]
[WhiteFideId "4205499"]
[BlackFideId "4203445"]
[EventDate "2010.11.26"]

1. e4 e5 2. Nf3 Nc6 3. Bc4 Bc5 4. d3 Nf6 5. Nc3 d6 6. Bg5 h6 7. Bxf6 Qxf6 8. Nd5
Qd8 9. c3 Ne7 10. d4 Nxd5 11. dxc5 Nf4 12. O-O Qf6 13. cxd6 Bh3 14. dxc7 Bxg2
15. Bb5+ Kf8 16. Nxe5 Qg5 17. h4 Qxh4 18. f3 Nh3+ 19. Kh2 Nf2+ 20. Kxg2 Nxd1 21.
Ng4 Ne3+ 22. Nxe3 Qg5+ 23. Kh1 Qxe3 24. Rad1 Qc5 25. Rd8+ Ke7 26. Rd7+ Kf6 27.
Bd3 Ke6 28. Rd4 Qxc7 0-1

[Event "60th ch-GRE"]
[Site "Vrahati GRE"]
[Date "2010.11.30"]
[Round "5"]
[White "Spiliadis, Athanasios"]
[Black "Kanakaris, Georgios"]
[Result "0-1"]
[WhiteElo "1888"]
[BlackElo "2285"]
[WhiteFideId "4238680"]
[BlackFideId "4209460"]
[EventDate "2010.11.26"]

1. e4 e6 2. d4 d5 3. Nd2 Nf6 4. e5 Nfd7 5. Bd3 c5 6. c3 Nc6 7. Ne2 cxd4 8. cxd4
f6 9. exf6 Nxf6 10. O-O Bd6 11. Nf3 O-O 12. Bf4 Bxf4 13. Nxf4 Ng4 14. Qd2 Qd6
15. g3 e5 16. dxe5 Ncxe5 17. Nxe5 Nxe5 18. Be4 d4 19. Rad1 Bf5 20. Qe2 Bxe4 21.
Qxe4 g5 22. Qd5+ Qxd5 23. Nxd5 Rad8 24. f4 Rxd5 25. fxe5 Rxf1+ 26. Kxf1 Kf7 27.
Ke2 Rxe5+ 28. Kf3 Rf5+ 29. Ke2 Rb5 30. b3 Ra5 31. Rd2 Ke6 32. Kd3 Rd5 33. Re2+
Re5 34. Re4 Rxe4 35. Kxe4 d3 36. Kxd3 Kd5 37. h3 b6 38. a3 b5 39. Ke3 a6 40. Kd3
a5 41. Kc3 Ke4 42. a4 bxa4 43. bxa4 Kd5 44. Kd3 Kc5 45. Ke4 Kb4 46. Kf5 Kxa4 47.
Kxg5 Kb4 48. Kh6 a4 49. Kxh7 a3 50. g4 a2 51. g5 a1=Q 52. g6 Qh1 53. g7 Qxh3+ 0-1

[Event "60th ch-GRE"]
[Site "Vrahati GRE"]
[Date "2010.11.30"]
[Round "5"]
[White "Nikolaidis, Konstantinos"]
[Black "Mastrovasilis, Athanasios"]
[Result "0-1"]
[WhiteTitle "FM"]
[BlackTitle "GM"]
[WhiteElo "2308"]
[BlackElo "2556"]
[WhiteFideId "4200578"]
[BlackFideId "4201990"]
[EventDate "2010.11.26"]

1. c4 b6 2. Nc3 Bb7 3. e4 c5 4. Nge2 Nf6 5. d3 g6 6. g3 Bg7 7. Bg2 O-O 8. O-O
Nc6 9. h3 Ne8 10. a3 Nc7 11. Rb1 Ne6 12. b4 d6 13. Be3 Rb8 14. Qd2 Ncd4 15. f4
f5 16. b5 Kh8 17. Kh2 a6 18. bxa6 Bxa6 19. a4 Bb7 20. g4 Bc6 21. Bxd4 cxd4 22.
Nb5 Bxb5 23. axb5 Nc5 24. gxf5 gxf5 25. Ng3 fxe4 26. Bxe4 e6 27. Nh5 Bh6 28. Qf2
e5 29. f5 Qg5 30. Qf3 Nxe4 31. dxe4 Ra8 32. Rb2 d3 33. Rg2 Qe3 34. Qxe3 Bxe3 35.
Rg3 Ra2+ 36. Kh1 Re2 37. Rd1 d2 38. Rxe3 Rxe3 39. Rxd2 Rxh3+ 40. Kg2 Rxh5 41.
Rxd6 Rg8+ 42. Kf3 Rh3+ 43. Kf2 Ra8 44. f6 Kg8 0-1

[Event "60th ch-GRE"]
[Site "Vrahati GRE"]
[Date "2010.12.01"]
[Round "6"]
[White "Banikas, Hristos"]
[Black "Mastrovasilis, Athanasios"]
[Result "1/2-1/2"]
[WhiteTitle "GM"]
[BlackTitle "GM"]
[WhiteElo "2590"]
[BlackElo "2556"]
[WhiteFideId "4202031"]
[BlackFideId "4201990"]
[EventDate "2010.11.26"]

1. d4 Nf6 2. c4 e6 3. Nf3 b6 4. g3 Bb7 5. Bg2 c5 6. d5 exd5 7. Nh4 g6 8. Nc3 Bg7
9. O-O Na6 10. Rb1 O-O 11. a3 Re8 12. Nxd5 Nxd5 13. cxd5 c4 14. Nf3 Nc5 15. Bg5
Bf6 16. Be3 Rxe3 17. fxe3 Qe7 18. Kh1 Bg7 19. Nd2 b5 20. e4 h5 21. Qe1 Bd4 22.
Nf3 Bg7 23. Nd2 Rf8 24. Qf2 a6 25. b3 cxb3 26. e5 Bxe5 27. Nxb3 Na4 28. Qe3 Re8
29. Nc1 Bd6 30. Qa7 Ba8 31. Qxa6 h4 32. Rxb5 Nc5 33. Rxc5 Bxc5 34. gxh4 Qxh4 35.
Nd3 Be3 36. Qd6 Qd8 37. Ne5 Bc5 38. Qxd7 Qe7 39. Qxe7 Rxe7 40. Nd3 Be3 41. d6
Bxg2+ 42. Kxg2 Rd7 43. Kf3 Bd4 44. Rd1 Rxd6 45. Nf4 g5 46. Nh5 Rh6 47. Rxd4 Rxh5
48. Kg3 Rh6 49. a4 Ra6 50. Kf3 Rh6 51. Rg4 Rxh2 52. Rxg5+ Kf8 53. Re5 f6 54. Rb5
Rh3+ 55. Kf2 Ra3 56. a5 Kf7 57. e3 Ke6 58. Kf3 f5 59. Rc5 Kf6 60. Ke2 Ke6 61.
Kd2 Kf6 62. Rb5 Ke6 63. Rb6+ Ke5 64. a6 Ke4 65. Kc2 Ra5 66. Kc3 Kxe3 67. Re6+
Kf3 68. Rc6 f4 69. Kb4 Ra1 70. Rc3+ Kg4 71. Ra3 Rxa3 72. Kxa3 f3 73. a7 f2 74.
a8=Q f1=Q 75. Qe4+ Qf4 76. Qxf4+ Kxf4 1/2-1/2

[Event "60th ch-GRE"]
[Site "Vrahati GRE"]
[Date "2010.12.01"]
[Round "6"]
[White "Kapnisis, Spyridon"]
[Black "Spiliadis, Athanasios"]
[Result "1-0"]
[WhiteTitle "IM"]
[WhiteElo "2511"]
[BlackElo "1888"]
[WhiteFideId "4203445"]
[BlackFideId "4238680"]
[EventDate "2010.11.26"]

1. e4 c5 2. Nf3 Nc6 3. d4 cxd4 4. Nxd4 e5 5. Nb5 d6 6. c4 Be7 7. N1c3 a6 8. Na3
Be6 9. Bd3 Bg5 10. Nc2 Rc8 11. O-O Bxc1 12. Rxc1 Nge7 13. Qd2 O-O 14. Rfd1 Qb6
15. Bf1 Rfd8 16. Nd5 Bxd5 17. cxd5 Nb8 18. Ne3 Rxc1 19. Rxc1 Rc8 20. Nf5 Rxc1
21. Qxc1 Kf8 22. Nxe7 Kxe7 23. Qg5+ Kf8 24. Qf5 Ke7 25. Qg5+ Kf8 26. Qf5 Ke7 27.
Qxh7 Nd7 28. Qxg7 Nf6 29. Qg5 Qxb2 30. h4 Qd4 31. h5 Qxe4 32. h6 Qg6 33. Qh4 Kf8
34. Qb4 Nxd5 35. Qxb7 Nf4 36. Qc8+ Ke7 37. Qc7+ Ke8 38. g3 Nh5 39. Qc8+ Ke7 40.
Qc7+ Ke8 41. Bxa6 Qxh6 42. Bc4 Qg6 43. a4 Qb1+ 44. Kh2 Qf5 45. Qb8+ Ke7 46. Qa7+
Kf8 47. a5 Ng7 48. a6 Ne8 49. Qb6 d5 50. a7 Qh7+ 51. Kg1 1-0

[Event "60th ch-GRE"]
[Site "Vrahati GRE"]
[Date "2010.12.01"]
[Round "6"]
[White "Nikolaidis, Ioannis"]
[Black "Koukoufikis, Alexandros"]
[Result "1-0"]
[WhiteTitle "GM"]
[WhiteElo "2552"]
[BlackElo "2278"]
[WhiteFideId "4202139"]
[BlackFideId "4205499"]
[EventDate "2010.11.26"]

1. d4 d6 2. c4 g6 3. Nc3 Bg7 4. e4 Nf6 5. Bg5 h6 6. Be3 c5 7. d5 Na6 8. h3 Rb8
9. Nf3 O-O 10. Bd3 Bd7 11. O-O Ne8 12. Qd2 Kh7 13. Nh2 Qc8 14. f4 f5 15. e5 e6
16. Nf3 b6 17. Kh1 Nac7 18. a4 a6 19. Qf2 Qd8 20. Rad1 a5 21. Rg1 Qe7 22. Bb1
Rd8 23. Rge1 Bc8 24. Qc2 Na6 25. Bf2 Nb4 26. Qe2 dxe5 27. fxe5 Rd7 28. g4 exd5
29. gxf5 d4 30. Bh4 Bf6 31. exf6 Qxe2 32. fxg6+ Kh8 33. Nxe2 Bb7 34. Nxd4 Nxf6
35. Bxf6+ Rxf6 36. Re8+ 1-0

[Event "60th ch-GRE"]
[Site "Vrahati GRE"]
[Date "2010.12.01"]
[Round "6"]
[White "Kotronias, Vasilios"]
[Black "Mastrovasilis, Dimitrios"]
[Result "1-0"]
[WhiteTitle "GM"]
[BlackTitle "GM"]
[WhiteElo "2591"]
[BlackElo "2580"]
[WhiteFideId "5900212"]
[BlackFideId "4202694"]
[EventDate "2010.11.26"]

1. e4 e5 2. Nf3 Nc6 3. Bb5 Nf6 4. O-O Nxe4 5. d4 Nd6 6. Bxc6 dxc6 7. dxe5 Nf5 8.
Qxd8+ Kxd8 9. Nc3 Ke8 10. h3 h5 11. Rd1 Be7 12. Bg5 Be6 13. Rd3 Rd8 14. Rad1
Rxd3 15. Rxd3 f6 16. Bf4 Bd8 17. exf6 gxf6 18. g3 Rh7 19. Kh2 b6 20. Rd1 Rd7 21.
Rxd7 Kxd7 22. g4 hxg4 23. hxg4 Ne7 24. Kg3 Nd5 25. Nd4 Bf7 26. a3 Nxc3 27. bxc3
Bg6 28. Bc1 Be7 29. Nf5 Bxf5 30. gxf5 b5 31. Kg4 Ke8 32. Kf4 Kd7 33. Ke4 a5 34.
c4 Bc5 35. Bb2 a4 36. f3 Bd6 37. Kd3 Ke7 38. c3 Be5 39. Bc1 Bd6 40. Kd4 Kd7 41.
c5 Bg3 42. Be3 Ke7 43. Kd3 Be1 44. Bd4 Kf7 45. Ke2 Bg3 46. Be3 Kg7 47. Bd2 Kh7
48. Ke3 Kh6 49. c4 b4 50. Kd3+ Kg7 51. axb4 1-0